[Event "County-ch Final"]
[Site "Egham"]
[Date "2023.07.01"]
[Round "1.11"]
[White "MacKenzie, Colin"]
[Black "Brooks, Phil J"]
[Result "1/2-1/2"]
[WhiteElo "2013"]
[BlackElo "2130"]
[PlyCount "27"]
[EventDate "2023.07.01"]
[EventType "team-match"]
[EventRounds "1"]
[EventCountry "ENG"]
[SourceTitle "CBM 215 Extra"]
[Source "ChessBase"]
[SourceDate "2023.09.30"]
[SourceVersion "1"]
[SourceVersionDate "2023.09.30"]
[SourceQuality "1"]
[WhiteTeam "Middlesex"]
[BlackTeam "Surrey"]
[WhiteTeamCountry "ENG"]
[BlackTeamCountry "ENG"]

1. c4 e6 2. g3 d5 3. Bg2 dxc4 4. Qa4+ Nd7 5. Qxc4 a6 6. Qc2 Rb8 7. d4 b5 8. e4 Bb7 9. Be3 Ngf6 10. Ne2 Rc8 11. f3 c5 12. Qd1 cxd4 13. Bxd4 Bc5 14. 0-0 1/2-1/2

[Event "BCF-chT 2122 (4NCL)"]
[Site "England"]
[Date "2022.02.13"]
[Round "4.133"]
[White "MacKenzie, Colin"]
[Black "Birtwistle, Nigel"]
[Result "0-1"]
[WhiteElo "2028"]
[BlackElo "2110"]
[PlyCount "82"]
[EventDate "2021.11.27"]
[EventType "team-swiss"]
[EventRounds "11"]
[EventCountry "ENG"]
[SourceTitle "EXT 2023"]
[Source "ChessBase"]
[SourceDate "2022.10.05"]
[SourceVersion "1"]
[SourceVersionDate "2022.10.05"]
[SourceQuality "1"]
[WhiteTeam "Kings Head"]
[BlackTeam "The Sharks II"]
[WhiteTeamCountry "ENG"]
[BlackTeamCountry "ENG"]

1. c4 e5 2. g3 Nf6 3. Bg2 c6 4. d4 exd4 5. Qxd4 Na6 6. Nc3 Bc5 7. Qd2 Qb6 8. e3 Bb4 9. Nge2 Nc5 10. 0-0 a5 11. Qc2 a4 12. Bd2 a3 13. bxa3 Bxa3 14. Rab1 Qa6 15. Ne4 Nfxe4 16. Bxe4 d6 17. Nf4 Qa4 18. Bxh7 Bg4 19. f3 Bd7 20. Bf5 Bxf5 21. Qxf5 Qxc4 22. Ba5 b5 23. Bb6 Ne6 24. Nxe6 Qxe6 25. Qd3 0-0 26. Bd4 Bc5 27. Bxc5 dxc5 28. a3 c4 29. Qc3 Rfe8 30. e4 Qd6 31. Ra1 Qc5+ 32. Kg2 Red8 33. Rfc1 Ra4 34. Rd1 Rxd1 35. Rxd1 Rxa3 36. Rd8+ Kh7 37. Qc2 Qe3 38. e5+ g6 39. Rd7 Qxf3+ 40. Kh3 Re3 41. Rd4 Rxe5 0-1

[Event "BCF-chT 2122 (4NCL)"]
[Site "England"]
[Date "2022.02.12"]
[Round "3.133"]
[White "MacKenzie, Colin"]
[Black "Murphy, Hugh W"]
[Result "0-1"]
[WhiteElo "2028"]
[BlackElo "2107"]
[PlyCount "46"]
[EventDate "2021.11.27"]
[EventType "team-swiss"]
[EventRounds "11"]
[EventCountry "ENG"]
[SourceTitle "EXT 2023"]
[Source "ChessBase"]
[SourceDate "2022.10.05"]
[SourceVersion "1"]
[SourceVersionDate "2022.10.05"]
[SourceQuality "1"]
[WhiteTeam "Kings Head"]
[BlackTeam "The Sharks II"]
[WhiteTeamCountry "ENG"]
[BlackTeamCountry "ENG"]

1. c4 e5 2. g3 Nc6 3. Bg2 f5 4. Nc3 Nf6 5. d3 Bc5 6. e3 d6 7. a3 f4 8. Na4 fxe3 9. fxe3 0-0 10. h3 Qe8 11. Ne2 a5 12. Nxc5 dxc5 13. 0-0 Qh5 14. h4 Bg4 15. Re1 Rad8 16. Qc2 Bf3 17. Nc3 Bxg2 18. Kxg2 e4 19. dxe4 Ng4 20. Re2 Qf7 21. Re1 Qf3+ 22. Kh3 Nf2+ 23. Kh2 Ne5 0-1

[Event "Cappelle Online Blitz op"]
[Site "Europe Echecs INT"]
[Date "2021.03.07"]
[Round "10"]
[White "Javadzadeh, Kenan"]
[Black "MacKenzie, Colin"]
[Result "1-0"]
[WhiteElo "1717"]
[BlackElo "2040"]
[PlyCount "115"]
[EventDate "2021.03.07"]
[EventType "swiss (blitz)"]
[EventRounds "11"]
[EventCountry "FRA"]
[SourceTitle "CBM 201 Extra"]
[Source "ChessBase"]
[SourceDate "2021.05.31"]
[SourceVersion "1"]
[SourceVersionDate "2021.05.31"]
[SourceQuality "1"]

1. e4 e6 2. d4 d5 3. Nd2 c5 4. exd5 exd5 5. Ndf3 Nc6 6. c3 cxd4 7. Nxd4 Bd6 8. Bb5 Bd7 9. Ngf3 Nge7 10. 0-0 0-0 11. Bd3 h6 12. h3 a6 13. Bc2 Rc8 14. Qd3 f5 15. Re1 Kh8 16. Bd2 Qb6 17. Ne6 Rf6 18. Nfd4 Nxd4 19. Nxd4 Bb5 20. Nxb5 Qxb5 21. Qxb5 axb5 22. Bd3 b4 23. cxb4 Nc6 24. Bc3 Rff8 25. b5 Nb4 26. Re3 Bc5 27. Rg3 Rf7 28. Be2 d4 29. Rc1 dxc3 30. Rgxc3 Bxf2+ 31. Kxf2 Rxc3 32. Rxc3 Rd7 33. a3 Nd5 34. Rd3 Nb6 35. Rc3 Kg8 36. Rc5 g6 37. b3 Rd2 38. Ke3 Rb2 39. a4 Rxb3+ 40. Kf2 Nxa4 41. Rc7 Nc3 42. Bc4+ Kf8 43. Bxb3 Ne4+ 44. Ke3 Nd6 45. Rh7 h5 46. Rh8+ Ke7 47. b6 Kf6 48. Rf8+ Ke5 49. Rg8 f4+ 50. Kf3 Nb5 51. Bc4 Nd4+ 52. Kf2 Kf6 53. Rf8+ Ke7 54. Rxf4 Nf5 55. g4 hxg4 56. hxg4 Nd6 57. Bd5 g5 58. Rf3 1-0

[Event "Cappelle Online Blitz op"]
[Site "Europe Echecs INT"]
[Date "2021.03.07"]
[Round "7"]
[White "Jober, Robert"]
[Black "MacKenzie, Colin"]
[Result "1-0"]
[WhiteElo "1783"]
[BlackElo "2040"]
[PlyCount "87"]
[EventDate "2021.03.07"]
[EventType "swiss (blitz)"]
[EventRounds "11"]
[EventCountry "FRA"]
[SourceTitle "CBM 201 Extra"]
[Source "ChessBase"]
[SourceDate "2021.05.31"]
[SourceVersion "1"]
[SourceVersionDate "2021.05.31"]
[SourceQuality "1"]

1. e4 e6 2. d4 d5 3. Bd3 dxe4 4. Bxe4 Nf6 5. Bf3 Be7 6. Ne2 0-0 7. 0-0 c6 8. Be3 Nbd7 9. c4 e5 10. Nbc3 Re8 11. g3 Bf8 12. Bg2 exd4 13. Nxd4 Ne5 14. b3 Bg4 15. Qc2 Qe7 16. h3 Bh5 17. Bf4 Bg6 18. Qe2 Bd3 19. Qd2 Bxf1 20. Rxf1 Ng6 21. Be3 Rad8 22. Qc2 a6 23. Nf5 Qc7 24. c5 Ne5 25. Ne4 Nxe4 26. Bxe4 g6 27. Nd6 Bxd6 28. cxd6 Qxd6 29. Bg5 Rd7 30. Bf4 Qe6 31. Kh2 Red8 32. Re1 Qf6 33. Kg2 Rd4 34. Qc3 Qg7 35. Bb1 f6 36. Be3 R4d7 37. Bb6 Re8 38. f4 Nf7 39. Rxe8+ Qf8 40. Rxf8+ Kxf8 41. Qxf6 Rd2+ 42. Kf3 Kg8 43. Be4 Rd6 44. Qe7 1-0

[Event "Cappelle Online Blitz op"]
[Site "Europe Echecs INT"]
[Date "2021.03.07"]
[Round "3"]
[White "MacKenzie, Colin"]
[Black "Valdazo, Raphael"]
[Result "1-0"]
[WhiteElo "2040"]
[BlackElo "1713"]
[PlyCount "83"]
[EventDate "2021.03.07"]
[EventType "swiss (blitz)"]
[EventRounds "11"]
[EventCountry "FRA"]
[SourceTitle "CBM 201 Extra"]
[Source "ChessBase"]
[SourceDate "2021.05.31"]
[SourceVersion "1"]
[SourceVersionDate "2021.05.31"]
[SourceQuality "1"]

1. c4 e6 2. g3 d5 3. Bg2 Nf6 4. Nf3 c6 5. 0-0 Bd6 6. Qc2 0-0 7. d4 Nbd7 8. b3 b6 9. Bb2 Bb7 10. Nc3 Rc8 11. Rad1 Bb8 12. Nd2 Re8 13. e4 dxe4 14. Ndxe4 Nxe4 15. Nxe4 Qe7 16. c5 bxc5 17. dxc5 Rcd8 18. h4 Ba8 19. Ng5 g6 20. b4 f6 21. Ne4 Rf8 22. Bh3 f5 23. Nd6 Bxd6 24. Rxd6 Nf6 25. Bxf6 Qxf6 26. Rfd1 Rxd6 27. Rxd6 Rd8 28. Qd2 Qa1+ 29. Kh2 Rxd6 30. cxd6 Qf6 31. Bg2 Qd8 32. d7 Kf7 33. Qd6 Bb7 34. b5 Bc8 35. bxc6 a5 36. Bf1 Kf6 37. Bc4 Kg7 38. Qxe6 Qc7 39. dxc8Q Qxc8 40. Qxc8 Kh6 41. Qf8+ Kh5 42. Be2# 1-0

[Event "Cappelle Online Blitz op"]
[Site "Europe Echecs INT"]
[Date "2021.03.07"]
[Round "8"]
[White "Perolini, Cedric"]
[Black "MacKenzie, Colin"]
[Result "0-1"]
[WhiteElo "1706"]
[BlackElo "2040"]
[PlyCount "120"]
[EventDate "2021.03.07"]
[EventType "swiss (blitz)"]
[EventRounds "11"]
[EventCountry "FRA"]
[SourceTitle "CBM 201 Extra"]
[Source "ChessBase"]
[SourceDate "2021.05.31"]
[SourceVersion "1"]
[SourceVersionDate "2021.05.31"]
[SourceQuality "1"]

1. e4 e6 2. d4 d5 3. exd5 exd5 4. f4 Be7 5. Nf3 Nf6 6. Bd3 0-0 7. 0-0 b6 8. Nc3 Ba6 9. Ng5 h6 10. Nf3 Bxd3 11. Qxd3 c5 12. Be3 Nc6 13. a3 Re8 14. Ne5 Rc8 15. Rf3 cxd4 16. Bxd4 Nxd4 17. Rg3 Ne4 18. Nxe4 dxe4 19. Qxe4 Rxc2 20. Nxf7 Ne2+ 21. Kh1 Nxg3+ 22. hxg3 Kxf7 23. Qxc2 Kg8 24. Rd1 Qc8 25. Qg6 Bf6 26. g4 Qe6 27. f5 Qe5 28. Qh5 Rd8 29. Rf1 Qxb2 30. Qh3 Qe5 31. Qb3+ Kh8 32. Qf7 Qe7 33. Qg6 Be5 34. Re1 Qf6 35. Qh5 Rf8 36. Kg1 Bd4+ 37. Kh2 Qd6+ 38. Kh3 Qf6 39. Re8 Rxe8 40. Qxe8+ Kh7 41. Qh5 a5 42. g3 b5 43. a4 bxa4 44. Qe8 a3 45. Qa4 Qd6 46. Qxa5 Bf2 47. Qc3 Bxg3 48. Qxg3 Qxg3+ 49. Kxg3 a2 50. Kh4 a1Q 51. g5 hxg5+ 52. Kh5 Qa5 53. Kxg5 Qe5 54. Kg4 Kh6 55. Kh4 Qf4+ 56. Kh3 Kh5 57. Kg2 Kg4 58. Kh1 Qd2 59. Kg1 Kf3 60. f6 Qg2# 0-1

[Event "Cappelle Online Blitz op 1st"]
[Site "Europe Echecs INT"]
[Date "2021.01.10"]
[Round "11"]
[White "MacKenzie, Colin"]
[Black "Jober, Robert"]
[Result "1-0"]
[WhiteElo "2040"]
[BlackElo "1783"]
[PlyCount "79"]
[EventDate "2021.01.10"]
[EventType "swiss (blitz)"]
[EventRounds "11"]
[EventCountry "FRA"]
[SourceTitle "CBM 200 Extra"]
[Source "ChessBase"]
[SourceDate "2021.03.31"]
[SourceVersion "1"]
[SourceVersionDate "2021.03.31"]
[SourceQuality "1"]

1. c4 c5 2. g3 g6 3. Nc3 Bg7 4. Bg2 Nc6 5. a3 d6 6. Rb1 a5 7. Nf3 e5 8. 0-0 Nge7 9. d3 0-0 10. Ne1 Be6 11. e3 d5 12. cxd5 Nxd5 13. Nb5 Qe7 14. Qc2 Rfd8 15. Bd2 a4 16. Bc3 Nxc3 17. Nxc3 Bb3 18. Qe2 Rac8 19. Rc1 f5 20. Nf3 c4 21. d4 e4 22. Nd2 h5 23. Nxb3 axb3 24. Qxc4+ Kh7 25. Qxb3 Na5 26. Qd1 Nc4 27. Rc2 Nxa3 28. bxa3 Qxa3 29. Nb5 Qa5 30. Rxc8 Rxc8 31. Qb3 Qb6 32. Rb1 h4 33. Bf1 hxg3 34. hxg3 Qf6 35. Qb4 Qg5 36. Nd6 Rh8 37. Nf7 Qf6 38. Ne5 Kh6 39. Qb6 Bf8 40. Qxf6 1-0

[Event "Cappelle Online Blitz op 1st"]
[Site "Europe Echecs INT"]
[Date "2021.01.10"]
[Round "5"]
[White "MacKenzie, Colin"]
[Black "Milliet, Sophie"]
[Result "0-1"]
[WhiteElo "2040"]
[BlackElo "2390"]
[PlyCount "38"]
[EventDate "2021.01.10"]
[EventType "swiss (blitz)"]
[EventRounds "11"]
[EventCountry "FRA"]
[SourceTitle "CBM 200 Extra"]
[Source "ChessBase"]
[SourceDate "2021.03.31"]
[SourceVersion "1"]
[SourceVersionDate "2021.03.31"]
[SourceQuality "1"]

1. c4 e5 2. g3 c6 3. d4 e4 4. d5 Bb4+ 5. Nc3 Qe7 6. Bg2 Nf6 7. Nh3 0-0 8. 0-0 Bxc3 9. bxc3 d6 10. Qc2 cxd5 11. cxd5 Nxd5 12. Bxe4 Bxh3 13. Bxd5 Bxf1 14. Kxf1 Nc6 15. Be3 Rac8 16. Rb1 b6 17. Kg1 Qe5 18. c4 Ne7 19. Bf4 Qxd5 0-1

[Event "BCF-chT2b 1920 (4NCL)"]
[Site "Daventry"]
[Date "2020.03.01"]
[Round "2.86"]
[White "MacKenzie, Colin"]
[Black "Anilkumar, Anantha P"]
[Result "1/2-1/2"]
[WhiteElo "2039"]
[BlackElo "1887"]
[PlyCount "35"]
[EventDate "2020.01.11"]
[EventType "team-tourn"]
[EventRounds "11"]
[EventCountry "ENG"]
[SourceTitle "CBM 195 Extra"]
[Source "ChessBase"]
[SourceDate "2020.05.31"]
[SourceVersion "1"]
[SourceVersionDate "2020.05.31"]
[SourceQuality "1"]
[WhiteTeam "Kings Head"]
[BlackTeam "KJCA Kings"]
[WhiteTeamCountry "ENG"]
[BlackTeamCountry "ENG"]

1. c4 c5 2. g3 Nc6 3. Bg2 g6 4. Nc3 Bg7 5. a3 e6 6. b4 d6 7. b5 Nce7 8. Qb3 Nf6 9. d3 0-0 10. Nf3 Qc7 11. 0-0 b6 12. e4 Bb7 13. Bf4 Nh5 14. Bd2 d5 15. Rae1 d4 16. Ne2 e5 17. Qd1 a6 18. a4 1/2-1/2

[Event "BCF-chT3Sa 1819 (4NCL)"]
[Site "England"]
[Date "2018.11.17"]
[Round "1.14"]
[White "Fowler, David W"]
[Black "MacKenzie, Colin"]
[Result "1/2-1/2"]
[WhiteElo "1926"]
[BlackElo "2042"]
[PlyCount "71"]
[EventDate "2018.11.17"]
[EventType "team-tourn"]
[EventRounds "7"]
[EventCountry "ENG"]
[SourceTitle "EXT 2021"]
[Source "ChessBase"]
[SourceDate "2020.10.23"]
[SourceVersion "1"]
[SourceVersionDate "2020.10.23"]
[SourceQuality "1"]
[WhiteTeam "CSC II"]
[BlackTeam "Kings Head"]
[WhiteTeamCountry "ENG"]
[BlackTeamCountry "ENG"]

1. d4 e6 2. e4 d5 3. Nc3 Bb4 4. a3 Bxc3+ 5. bxc3 dxe4 6. Qg4 Nf6 7. Qxg7 Rg8 8. Qh6 Nbd7 9. Ne2 b6 10. Ng3 Bb7 11. Bb5 c6 12. Be2 Qe7 13. a4 c5 14. 0-0 0-0-0 15. a5 Ng4 16. Qf4 Qf6 17. axb6 axb6 18. Ba6 Qxf4 19. Bxf4 Ngf6 20. Rfe1 Bxa6 21. Rxa6 Kb7 22. Rea1 Ra8 23. Rxa8 Rxa8 24. Rxa8 Kxa8 25. Kf1 Kb7 26. Bg5 Kc6 27. Ke2 Kd5 28. dxc5 bxc5 29. f3 exf3+ 30. gxf3 Kc4 31. Kd2 Kd5 32. Nf1 c4 33. Ne3+ Kc5 34. Bh4 Kb5 35. Bg5 Kc5 36. Bh4 1/2-1/2

[Event "BCF-chT2 1718 (4NCL) Demotion pool"]
[Site "England"]
[Date "2018.05.05"]
[Round "9.64"]
[White "Davison, Chris"]
[Black "MacKenzie, Colin"]
[Result "1/2-1/2"]
[WhiteElo "2071"]
[BlackElo "2058"]
[PlyCount "38"]
[EventDate "2017.11.11"]
[EventType "team-tourn"]
[EventRounds "11"]
[EventCountry "ENG"]
[SourceTitle "EXT 2020"]
[Source "ChessBase"]
[SourceDate "2019.10.17"]
[SourceVersion "1"]
[SourceVersionDate "2019.10.17"]
[SourceQuality "1"]
[WhiteTeam "Poisoned Pawns"]
[BlackTeam "Kings Head"]
[WhiteTeamCountry "ENG"]
[BlackTeamCountry "ENG"]

1. e4 e6 2. d4 d5 3. Nd2 c5 4. Ngf3 Nc6 5. exd5 exd5 6. Be2 Bd6 7. 0-0 Nge7 8. dxc5 Bxc5 9. Nb3 Bb6 10. a4 a6 11. c3 0-0 12. Bg5 Qd6 13. a5 Bc7 14. Ra4 Ng6 15. g3 Bd7 16. Ra1 Rfe8 17. Re1 Nce5 18. Be3 Rad8 19. Nxe5 Nxe5 1/2-1/2

[Event "BCF-chT1d 1617 (4NCL) Demotion pool"]
[Site "England"]
[Date "2017.05.01"]
[Round "11.84"]
[White "Oyama, Akito"]
[Black "MacKenzie, Colin"]
[Result "1-0"]
[WhiteElo "2174"]
[BlackElo "2060"]
[PlyCount "87"]
[EventDate "2016.11.19"]
[EventType "team-tourn"]
[EventRounds "4"]
[EventCountry "ENG"]
[SourceTitle "EXT 2018"]
[Source "ChessBase"]
[SourceDate "2017.10.13"]
[SourceVersion "1"]
[SourceVersionDate "2017.10.13"]
[SourceQuality "1"]
[WhiteTeam "Anglian Avengers"]
[BlackTeam "Kings Head"]
[WhiteTeamCountry "ENG"]
[BlackTeamCountry "ENG"]

1. d4 e6 2. e4 d5 3. Nc3 Bb4 4. Nge2 dxe4 5. a3 Bxc3+ 6. Nxc3 Nc6 7. d5 exd5 8. Qxd5 Be6 9. Qxe4 Nf6 10. Qh4 Qd4 11. Bg5 Qxh4 12. Bxh4 0-0 13. 0-0-0 Nd7 14. Nb5 Rfc8 15. Bg3 Nce5 16. Re1 a6 17. Nd4 Ng6 18. Nxe6 fxe6 19. Rxe6 b5 20. Re3 Nb6 21. Bd3 Nf8 22. Bf5 Re8 23. Rxe8 Rxe8 24. Bxc7 Nd5 25. Bg3 b4 26. axb4 g6 27. Bd3 Nxb4 28. Bc4+ Kg7 29. c3 Rc8 30. b3 Nc6 31. Bxa6 Ra8 32. Bd3 Nd7 33. Kb2 Nc5 34. Bb5 Rc8 35. Re1 Kf6 36. b4 Ne6 37. Bxc6 Rxc6 38. Kb3 g5 39. Be5+ Kf5 40. c4 h5 41. c5 Rc8 42. Kc4 h4 43. Bd6 Nd8 44. Re8 1-0

[Event "BCF-chT1d 1617 (4NCL) Demotion pool"]
[Site "England"]
[Date "2017.04.30"]
[Round "10.86"]
[White "MacKenzie, Colin"]
[Black "Turner, Max N"]
[Result "1-0"]
[WhiteElo "2060"]
[BlackElo "1955"]
[PlyCount "123"]
[EventDate "2016.11.19"]
[EventType "team-tourn"]
[EventRounds "4"]
[EventCountry "ENG"]
[SourceTitle "EXT 2018"]
[Source "ChessBase"]
[SourceDate "2017.10.13"]
[SourceVersion "1"]
[SourceVersionDate "2017.10.13"]
[SourceQuality "1"]
[WhiteTeam "Kings Head"]
[BlackTeam "North East England"]
[WhiteTeamCountry "ENG"]
[BlackTeamCountry "ENG"]

1. c4 c6 2. g3 d5 3. Bg2 Nf6 4. Nf3 e6 5. 0-0 Bd6 6. Qc2 0-0 7. d4 Nbd7 8. b3 Re8 9. Nc3 b6 10. Bb2 Bb7 11. Rac1 Rc8 12. e4 Nxe4 13. Nxe4 dxe4 14. Qxe4 Nf6 15. Qc2 c5 16. Rcd1 Qe7 17. d5 e5 18. Rfe1 Nd7 19. Bh3 f6 20. Be6+ Kh8 21. Nh4 Nf8 22. Nf5 Qc7 23. Bxc8 Bxc8 24. Qe4 Bd7 25. g4 Ng6 26. Bc1 Bxf5 27. gxf5 Ne7 28. f4 Qd7 29. fxe5 Bxe5 30. Rf1 Nc8 31. Qf3 Nd6 32. Kh1 Kg8 33. Rde1 a6 34. a4 b5 35. axb5 axb5 36. Qd3 bxc4 37. bxc4 Qa4 38. Be3 Qa2 39. Re2 Qxc4 40. Qxc4 Nxc4 41. Bxc5 Rc8 42. Bf2 Rd8 43. Rc2 Nd6 44. Bb6 Rb8 45. Rc6 Nb5 46. Bc5 Rd8 47. Rd1 Nc3 48. Rd3 Ne4 49. Kg2 h6 50. h4 Rd7 51. Ba3 Kh7 52. d6 Kg8 53. Rb3 Kh7 54. Re3 Ra7 55. d7 Rxd7 56. Rxe4 Rd2+ 57. Kf3 Rh2 58. Bd6 Rh3+ 59. Ke2 Rh2+ 60. Kd3 Bxd6 61. Rxd6 Rh1 62. Kc4 1-0

[Event "BCF-chT1a 1617 (4NCL)"]
[Site "England"]
[Date "2017.02.12"]
[Round "6.46"]
[White "Quinn, John M"]
[Black "MacKenzie, Colin"]
[Result "1/2-1/2"]
[WhiteElo "2169"]
[BlackElo "2060"]
[PlyCount "56"]
[EventDate "2016.11.19"]
[EventType "team-tourn"]
[EventRounds "7"]
[EventCountry "ENG"]
[SourceTitle "EXT 2018"]
[Source "ChessBase"]
[SourceDate "2017.10.13"]
[SourceVersion "1"]
[SourceVersionDate "2017.10.13"]
[SourceQuality "1"]
[WhiteTeam "Celtic Tigers"]
[BlackTeam "Kings Head"]
[WhiteTeamCountry "ENG"]
[BlackTeamCountry "ENG"]

1. d4 e6 2. c4 Nf6 3. Nc3 Bb4 4. Qc2 c5 5. dxc5 0-0 6. Nf3 Na6 7. e3 Nxc5 8. a3 Bxc3+ 9. Qxc3 Nfe4 10. Qc2 a5 11. b3 d5 12. Rb1 Bd7 13. Bb2 Rc8 14. Bd3 b5 15. cxd5 exd5 16. Qd1 Bf5 17. 0-0 Nc3 18. Bxc3 Bxd3 19. b4 axb4 20. axb4 Bxb1 21. bxc5 Be4 22. Qd4 f6 23. Nd2 Bg6 24. Nb3 Bc2 25. Na5 Rf7 26. Rc1 Ba4 27. c6 Qd6 28. Bb4 Qe5 1/2-1/2

[Event "BCF-chT1a 1617 (4NCL)"]
[Site "England"]
[Date "2017.01.14"]
[Round "3.35"]
[White "MacKenzie, Colin"]
[Black "Ledger, Dave J"]
[Result "0-1"]
[WhiteElo "2060"]
[BlackElo "2215"]
[PlyCount "98"]
[EventDate "2016.11.19"]
[EventType "team-tourn"]
[EventRounds "7"]
[EventCountry "ENG"]
[SourceTitle "EXT 2018"]
[Source "ChessBase"]
[SourceDate "2017.10.13"]
[SourceVersion "1"]
[SourceVersionDate "2017.10.13"]
[SourceQuality "1"]
[WhiteTeam "Kings Head"]
[BlackTeam "Blackthorne Russia"]
[WhiteTeamCountry "ENG"]
[BlackTeamCountry "ENG"]

1. c4 e5 2. g3 Nf6 3. Bg2 d5 4. cxd5 Nxd5 5. Nf3 Nc6 6. 0-0 Nb6 7. d3 Be7 8. Nbd2 g5 9. a3 g4 10. Ne1 h5 11. b4 h4 12. Ne4 hxg3 13. hxg3 f5 14. Nc5 Bd6 15. f4 Bxc5+ 16. bxc5 Qd4+ 17. e3 Qxa1 18. cxb6 exf4 19. Bxc6+ bxc6 20. Qc2 Rh6 21. Bb2 Qa2 22. Rxf4 axb6 23. Qc3 Bd7 24. Qg7 0-0-0 25. Qxh6 Qxb2 26. Rd4 c5 27. Rxd7 Rxd7 28. Qf8+ Kb7 29. Qxf5 Re7 30. Ng2 Qa1+ 31. Kh2 Qh8+ 32. Kg1 Rh7 33. Qe4+ Kb8 34. Nh4 Qa1+ 35. Kg2 Qb2+ 36. Kg1 Qc1+ 37. Kg2 Qd2+ 38. Kg1 Qd1+ 39. Kg2 Rh8 40. Qf4 Qe2+ 41. Kg1 Qxd3 42. a4 Qd1+ 43. Kh2 Qe2+ 44. Kg1 Rd8 45. Ng2 Rd1+ 46. Kh2 Rd2 47. Qe4 c4 48. a5 Qxg2+ 49. Qxg2 c3 0-1

[Event "BCF-chT2c 1516 (4NCL)"]
[Site "England"]
[Date "2016.05.01"]
[Round "10.236"]
[White "Henderson, David"]
[Black "MacKenzie, Colin"]
[Result "1/2-1/2"]
[WhiteElo "2132"]
[BlackElo "2060"]
[PlyCount "65"]
[EventDate "2015.11.14"]
[EventType "team-swiss"]
[EventRounds "11"]
[EventCountry "ENG"]
[SourceTitle "EXT 2017"]
[Source "ChessBase"]
[SourceDate "2016.10.25"]
[SourceVersion "1"]
[SourceVersionDate "2016.10.25"]
[SourceQuality "1"]
[WhiteTeam "North East England"]
[BlackTeam "Kings Head"]
[WhiteTeamCountry "ENG"]
[BlackTeamCountry "ENG"]

1. e4 e6 2. d4 d5 3. e5 c5 4. c3 Qb6 5. Nf3 Nc6 6. Bd3 cxd4 7. cxd4 Bd7 8. 0-0 Nxd4 9. Nbd2 Nxf3+ 10. Nxf3 f5 11. exf6 Nxf6 12. Ne5 Bd6 13. Nxd7 Kxd7 14. Be3 Qb4 15. h3 a6 16. a3 Qh4 17. f4 Rhc8 18. Rc1 Rxc1 19. Qxc1 Rc8 20. Qd2 h6 21. Qa5 Qh5 22. Qa4+ Ke7 23. Qb3 b5 24. a4 Qe8 25. axb5 axb5 26. Ra1 b4 27. Ra7+ Kf8 28. Ra6 Qd8 29. Qa4 Ne4 30. Bxe4 dxe4 31. Qb3 Qe7 32. Ra7 Rc7 33. Rxc7 1/2-1/2

[Event "BCF-chT2a 1516 (4NCL)"]
[Site "England"]
[Date "2016.01.23"]
[Round "3.217"]
[White "MacKenzie, Colin"]
[Black "Page, Mark"]
[Result "1/2-1/2"]
[WhiteElo "2046"]
[BlackElo "2036"]
[PlyCount "87"]
[EventDate "2015.11.14"]
[EventType "team-tourn"]
[EventRounds "7"]
[EventCountry "ENG"]
[SourceTitle "CBM 170 Extra"]
[Source "ChessBase"]
[SourceDate "2016.02.25"]
[SourceVersion "1"]
[SourceVersionDate "2016.02.25"]
[SourceQuality "1"]
[WhiteTeam "Kings Head"]
[BlackTeam "Warwicks Select"]
[WhiteTeamCountry "ENG"]
[BlackTeamCountry "ENG"]

1. c4 g6 2. g3 Bg7 3. Bg2 d6 4. Nc3 Nf6 5. d3 0-0 6. Bg5 h6 7. Bd2 Nc6 8. e4 e5 9. Nge2 Nd4 10. Nxd4 exd4 11. Ne2 Nd7 12. f4 a5 13. 0-0 f5 14. exf5 gxf5 15. Kh1 c5 16. Ng1 Nf6 17. h3 Qb6 18. Qb3 Qc7 19. Rae1 a4 20. Qc2 Bd7 21. Nf3 Nh5 22. Kh2 Bf6 23. Re2 Rae8 24. Rfe1 Kh7 25. Qd1 Ng7 26. Rxe8 Rxe8 27. Rxe8 Nxe8 28. Ng5+ Kg6 29. Nf3 Ng7 30. Qe2 b5 31. b3 axb3 32. axb3 bxc4 33. bxc4 Qd8 34. Kg1 Ba4 35. g4 Qe7 36. Kf1 Qxe2+ 37. Kxe2 Ne6 38. Nh2 Be7 39. Bd5 Nc7 40. gxf5+ Kxf5 41. Be4+ Kf6 42. Nf1 Bd7 43. Bg2 Ne8 44. Ng3 1/2-1/2

[Event "BCF-chT2a 1516 (4NCL)"]
[Site "England"]
[Date "2015.11.15"]
[Round "2.246"]
[White "Habershon, Paul F"]
[Black "MacKenzie, Colin"]
[Result "1/2-1/2"]
[WhiteElo "2052"]
[BlackElo "2046"]
[PlyCount "83"]
[EventDate "2015.11.14"]
[EventType "team-tourn"]
[EventRounds "7"]
[EventCountry "ENG"]
[SourceTitle "CBM 169 Extra"]
[Source "ChessBase"]
[SourceDate "2015.12.18"]
[SourceVersion "1"]
[SourceVersionDate "2015.12.18"]
[SourceQuality "1"]
[WhiteTeam "MK Phoenix"]
[BlackTeam "Kings Head"]
[WhiteTeamCountry "ENG"]
[BlackTeamCountry "ENG"]

1. e4 e6 2. d3 d5 3. Nd2 Nf6 4. g3 dxe4 5. dxe4 e5 6. Bg2 Bc5 7. Ngf3 Bg4 8. h3 Bxf3 9. Bxf3 c6 10. Qe2 0-0 11. Nb3 Be7 12. Be3 Nbd7 13. 0-0-0 a5 14. g4 a4 15. Nc5 Qc7 16. g5 Bxc5 17. Bxc5 Nxc5 18. gxf6 Ne6 19. fxg7 Rfd8 20. Bg4 Nf4 21. Qf3 a3 22. Rxd8+ Qxd8 23. bxa3 Qd4 24. Kb1 Ra5 25. c3 Qc4 26. Rc1 Nd3 27. Rc2 Rb5+ 28. Ka1 Ne1 29. Qd1 Nxc2+ 30. Qxc2 Ra5 31. Qd2 Ra8 32. Bf5 Kxg7 33. Qg5+ Kf8 34. Qd2 Qf1+ 35. Kb2 Qb5+ 36. Ka1 Qf1+ 37. Kb2 Qb5+ 38. Ka1 Qc5 39. Bxh7 Rxa3 40. Qd8+ Kg7 41. Qg5+ Kxh7 42. Qh5+ 1/2-1/2

[Event "BCF-chT2d 1415 (4NCL) Demotion pool"]
[Site "England"]
[Date "2015.05.04"]
[Round "11"]
[White "MacKenzie, Colin"]
[Black "Duncan, Patrick"]
[Result "0-1"]
[WhiteElo "2046"]
[BlackElo "2013"]
[PlyCount "67"]
[EventDate "2015.03.29"]
[EventType "team-tourn"]
[EventRounds "11"]
[EventCountry "ENG"]
[SourceTitle "EXT 2016"]
[Source "ChessBase"]
[SourceDate "2015.10.08"]
[SourceVersion "1"]
[SourceVersionDate "2015.10.08"]
[SourceQuality "1"]
[WhiteTeam "Kings Head"]
[BlackTeam "Brown Jack Witney"]
[WhiteTeamCountry "ENG"]
[BlackTeamCountry "ENG"]

1. c4 Nf6 2. g3 c6 3. Bg2 d5 4. Nf3 Bf5 5. cxd5 cxd5 6. d4 Bxb1 7. Rxb1 Qa5+ 8. Bd2 Qxa2 9. 0-0 Nc6 10. b4 Qc4 11. Rc1 Qb5 12. Rc5 Qb6 13. Qa4 e6 14. Rb5 Qc7 15. Bf4 Qd7 16. Ne5 Nxe5 17. dxe5 a6 18. Ra1 Rb8 19. Qxa6 bxa6 20. Rxb8+ Ke7 21. exf6+ gxf6 22. Rxa6 Bg7 23. Rbb6 Rc8 24. Bd6+ Ke8 25. Bc5 Bf8 26. Ra5 Bxc5 27. bxc5 Kf8 28. e3 Qc7 29. Bf1 Rb8 30. Rab5 Ra8 31. Rb7 Qe5 32. Rb1 Ra2 33. Bb5 d4 34. c6 0-1